Necip Türkçü / (Record no. 15877)

MARC details
000 -BAŞLIK
Sabit Uzunlukta Kontrol Alanı 00830nam a22002417a 4500
999 ## - SİSTEM KONTROL NUMARALARI (KOHA)
Koha Biblionumber 15877
Koha Biblioitemnumber 15877
003 - KONTROL NUMARASI IDENTIFIER
Denetim Alanı MIRAKIL
005 - SON İŞLEM TARİHİ VE ZAMANI
Denetim Alanı 20240404100610.0
008 - SABİT-BOY VERİ ELEMANLARI - GENEL BİLGİLER
Sabit Uzunlukta Kontrol Alanı 240404b tu ||||| |||| 00| 0 tur d
020 ## - ULUSLARARASI STANDART KİTAP NUMARASI
Uluslararası Standart Kitap Numarası 9789751628176
040 ## - KATALOGLAMA KAYNAK
Orijinal Kataloglama Ajansı TR-AnCHP
Metne Dönüştürmek Ajansı TR-AnCHP
041 ## - DİL KODU
Metin / Ses Parça Veya Ayrı Başlığın Dil Kodu tur
082 ## - DEWEY ONLU SINIFLANDIRMA NUMARASI
Sınıflandırma Numarası 920
Ürün Numarası H89n 2014
100 1# - ANA GİRİŞ - KİŞİSEL İSİM
Kişisel Ad Huyugüzel, Ö. Faruk
Bir Adıyla İlişkilendirilen Tarihler 1948 -
245 10 - BAŞLIK TABLOSU
Başlık Necip Türkçü /
Sorumluluk Tablosu, Vb Ö. Faruk Huyugüzel.
260 ## - YAYIN, DAĞITIM, VB
Yayın, Dağıtım, Vb Yeri Ankara :
Yayıncı, Dağıtıcı, Vs Adı Türk Dil Kurumu,
Yayın, Dağıtım, Vb Tarihi 2014.
300 ## - FİZİKSEL TANIM
Kapsam 163 s. :
Diğer Fiziksel Ayrıntıları fotoğ. ;
Boyutlar 23 cm.
490 0# - SERİSİ TABLOSU
Seri Beyanı Atatürk Kültür, Dil ve Tarih Yüksek Kurumu Türk Dil Kurumu Yayınları ;
Hacim / Ardışık Tanımı 1098.
490 0# - SERİSİ TABLOSU
Seri Beyanı Türkçeye Emek Verenler dizisi ;
Hacim / Ardışık Tanımı 17.
600 #0 - KONU KATMA GİRİŞ - KURUMSAL ADI
9 (RLIN) 7956
Kişisel Ad Türkçü, Necip Mehmet
650 #0 - KONU KATMA GİRİŞ - TOPİKAL DÖNEM
9 (RLIN) 7759
Topikal Süreli Veya Coğrafi Ad Giriş Elemanı Türkoloji
856 ## - ELEKTRONİK YER VE ERİŞİM
Kamu Notu Dijital Nüshası için Partimizin Kütüphane Sorumlusu ile iletişime geçiniz.
942 ## - EKLENDİ GİRİŞ ELEMANLARI (KOHA)
Sınıflandırma Veya Raf Düzeni Kaynak Dewey Decimal Classification
Koha Öğesi Türü Books
Holdings
Kalıcı Konum Mevcut Konum Edinme Tarihi Toplam Check-Out'Lar Tam Çağrı Numarası Barkod Tarih Son Görülme İtibaren Geçerli Fiyatlar Koha Öğesi Türü
CHP Kütüphanesi CHP Kütüphanesi 04/04/2024   920 H89n 2014 21828 04/04/2024 04/04/2024 Books